LEADER 03833nam 22007695 450 001 9910483989803321 005 20230810165337.0 010 $a9783030266530 010 $a3030266532 024 7 $a10.1007/978-3-030-26653-0 035 $a(CKB)4100000009273549 035 $a(DE-He213)978-3-030-26653-0 035 $a(MiAaPQ)EBC5896696 035 $a(Perlego)3491615 035 $a(EXLCZ)994100000009273549 100 $a20190911d2019 u| 0 101 0 $aeng 135 $aurnn#008mamaa 181 $ctxt$2rdacontent 182 $cc$2rdamedia 183 $acr$2rdacarrier 200 10$aAudience Engagement in the Performing Arts $eA Critical Analysis /$fby Ben Walmsley 205 $a1st ed. 2019. 210 1$aCham :$cSpringer International Publishing :$cImprint: Palgrave Macmillan,$d2019. 215 $a1 online resource (XI, 248 p. 10 illus., 7 illus. in color.) 225 1 $aNew Directions in Cultural Policy Research,$x2730-9258 311 08$a9783030266523 311 08$a3030266524 327 $aChapter 1 -- Introduction.-Chapter 2 -- Understanding audiences: a critical review of audience research.-Chapter 3 -- Deconstructing audiences' experiences.-Chapter 4 -- Capturing, interpreting and evaluating cultural value.-Chapter 5 -- Research (with) audiences.-Chapter 6 -- From consumption to enrichment: the long slow death of arts marketing.-Chapter 7 -- Co-creating art, meaning and value.-Chapter 8 -- Engaging audiences through digital technologies.-Chapter 9 -- Conclusions and implications. 330 $aThis book explores the concept of audience engagement from a number of complementary perspectives, including cultural value, arts marketing and co-creation. It offers a critical review of the existing literature on audience research and an overview of established and emerging methodologies deployed to undertake research with audiences. The book draws from a rich diversity of academic fields to make the case for a radically interdisciplinary approach to audience research. The book's underlying thesis is that at the heart of audience research there is a mutual exchange of value wherein audiences ideally play the role of strategic partners in the mission fulfilment of arts organisations. Illustrating how audiences have traditionally been side-lined, homogenised and vilified, it contends that the future paradigm of audience studies should be based on an engagement model, wherein audiences take their rightful place as subjects rather than objects of empirical research. 410 0$aNew Directions in Cultural Policy Research,$x2730-9258 606 $aPerforming arts 606 $aTheater 606 $aCulture$xStudy and teaching 606 $aArts 606 $aCommunication 606 $aArt$xStudy and teaching 606 $aCultural property 606 $aTheatre and Performance Arts 606 $aCultural Theory 606 $aArts 606 $aMedia and Communication 606 $aCreativity and Arts Education 606 $aCultural Heritage 615 0$aPerforming arts. 615 0$aTheater. 615 0$aCulture$xStudy and teaching. 615 0$aArts. 615 0$aCommunication. 615 0$aArt$xStudy and teaching. 615 0$aCultural property. 615 14$aTheatre and Performance Arts. 615 24$aCultural Theory. 615 24$aArts. 615 24$aMedia and Communication. 615 24$aCreativity and Arts Education. 615 24$aCultural Heritage. 676 $a790 676 $a790.2 700 $aWalmsley$b Ben$4aut$4http://id.loc.gov/vocabulary/relators/aut$01174404 801 0$bMiAaPQ 801 1$bMiAaPQ 801 2$bMiAaPQ 906 $aBOOK 912 $a9910483989803321 996 $aAudience Engagement in the Performing Arts$92841656 997 $aUNINA LEADER 02579oas 2201033 a 450 001 9910154511203321 005 20260203110227.0 011 $a1745-3062 035 $a(DE-599)ZDB2171221-9 035 $a(OCoLC)62239967 035 $a(CONSER) 2005264563 035 $a(CKB)1000000000025552 035 $a(DE-599)2171221-9 035 $a(EXLCZ)991000000000025552 100 $a20051108a20059999 sy a 101 0 $aeng 135 $aurcnu|||||||| 181 $ctxt$2rdacontent 182 $cc$2rdamedia 183 $acr$2rdacarrier 200 10$aJournal of visual communication in medicine 210 $a[Abingdon, Oxfordshire, UK] $cTaylor & Francis$d2005- 300 $aRefereed/Peer-reviewed 300 $aTitle from table of contents (MetaPress, viewed Nov. 4, 2005). 311 08$a1745-3054 517 1 $aVisual communication in medicine 606 $aMedical illustration$vPeriodicals 606 $aMedical Illustration 606 $aPhotography 606 $aIlustration scientifique 606 $aPhotographie 606 $aMedical Education$2ebps 606 $aVisual Communication$2ebps 606 $aMedical illustration$2fast$3(OCoLC)fst01014168 608 $aPeriodical. 608 $aPeriodicals.$2fast 608 $aPeriodicals.$2lcgft 615 0$aMedical illustration 615 12$aMedical Illustration. 615 22$aPhotography. 615 6$aIlustration scientifique. 615 6$aPhotographie. 615 7$aMedical Education. 615 7$aVisual Communication. 615 7$aMedical illustration. 676 $a610.7 712 02$aInstitute of Medical Illustrators, 801 0$bSBH 801 1$bSBH 801 2$bOCLCQ 801 2$bOCL 801 2$bRUQBL 801 2$bOCLCQ 801 2$bUKMGB 801 2$bOCLCQ 801 2$bOCLCF 801 2$bVT2 801 2$bEUW 801 2$bOCLCQ 801 2$bWT2 801 2$bUEJ 801 2$bOCLCQ 801 2$bOCLCO 801 2$bNLE 801 2$bOCLCA 801 2$bDLC 801 2$bTOF 801 2$bAU@ 801 2$bWYU 801 2$bOCLCO 801 2$bAUD 801 2$bOCLCA 801 2$bU3W 801 2$bOCLCO 801 2$bSFB 801 2$bOCLCQ 801 2$bOCLCA 801 2$bSXB 801 2$bUBY 801 2$bOCLCO 801 2$bCNMTR 801 2$bSRU 801 2$bCGU 801 2$bOCLCL 801 2$bOCLCQ 906 $aJOURNAL 912 $a9910154511203321 996 $aJournal of visual communication in medicine$92004766 997 $aUNINA